Geography Quiz

Random Geography or Food Quiz
Score 0/11 Timer 04:00
1 Play Today
Pounds per Person Country % Correct
16.55 lbsUnited States
99.7%
8.81 lbsCanada
96%
12.56 lbsFrance
89.9%
7.53 lbsGermany
86.6%
13.88 lbsIreland
64.6%
6.94 lbsAustria
58.8%
10.58 lbsPortugal
53.8%
19.84 lbsHungary
48.7%
28.66 lbsIsrael
43.4%
4.71 lbsChile
39.4%
9.00 lbsTunisia
17.7%
Remove Ads.
Support Sporcle.
Get the best of Sporcle when you Go Orange. This ad-free experience offers more features, more stats, and more fun while also helping to support Sporcle. Thank you for becoming a member.

You're not logged in!

Compare scores with friends on all Sporcle quizzes.
OR
Log In

Sporcle TV

Today on Sporcle TV


Watch our educational content, quiz creation guides, and fun videos on Sporcle TV.

Show Comments

Extras

Top Quizzes Today


Score Distribution

Paid Content

Your Account Isn't Verified!

In order to create a playlist on Sporcle, you need to verify the email address you used during registration. Go to your Sporcle Settings to finish the process.

Report this User

Report this user for behavior that violates our Community Guidelines.

Details: